Zwycięzcy Ligi Mistrzów - Statystyki

Ogólne statystyki
  • Ten quiz został rozwiązany 119 razy
  • Średni wynik to 59 z 69
Statystyki odpowiedzi
Hint Odpowiedź % Poprawnych
1956 Real Madryt
99%
1957 Real Madryt
99%
1958 Real Madryt
99%
1959 Real Madryt
99%
1960 Real Madryt
99%
1966 Real Madryt
99%
1998 Real Madryt
99%
2000 Real Madryt
99%
2002 Real Madryt
99%
2014 Real Madryt
99%
2016 Real Madryt
99%
2017 Real Madryt
99%
2018 Real Madryt
99%
2022 Real Madryt
99%
2024 Real Madryt
99%
1963 AC Milan
96%
1969 AC Milan
96%
1989 AC Milan
96%
1990 AC Milan
96%
1994 AC Milan
96%
2003 AC Milan
96%
2007 AC Milan
96%
1974 Bayern Monachium
96%
1975 Bayern Monachium
96%
1976 Bayern Monachium
96%
2001 Bayern Monachium
96%
2013 Bayern Monachium
96%
2020 Bayern Monachium
96%
1992 FC Barcelona
96%
2006 FC Barcelona
96%
2009 FC Barcelona
96%
2011 FC Barcelona
96%
2015 FC Barcelona
96%
1977 Liverpool
96%
1978 Liverpool
96%
1981 Liverpool
96%
1984 Liverpool
96%
2005 Liverpool
96%
2019 Liverpool
96%
1968 Manchester United
94%
1999 Manchester United
94%
2008 Manchester United
94%
2012 Chelsea
91%
2021 Chelsea
91%
2023 Manchester City
91%
1964 Inter Mediolan
87%
1965 Inter Mediolan
87%
2010 Inter Mediolan
87%
1985 Juventus
85%
1996 Juventus
85%
1997 Borussia Dortmund
81%
1987 FC Porto
80%
2004 FC Porto
80%
1971 Ajax Amsterdam
78%
1972 Ajax Amsterdam
78%
1973 Ajax Amsterdam
78%
1995 Ajax Amsterdam
78%
1961 Benfica
69%
1962 Benfica
69%
1979 Nottingham Forest
60%
1980 Nottingham Forest
60%
1991 Crvena Zvezda
56%
1982 Aston Villa
54%
1988 PSV
51%
1967 Celtic
49%
1970 Feyenoord
49%
1983 Hamburger SV
49%
1986 Statuea Bukareszt
29%
1993 Marsillie
24%
Nie znaleziono quizów pasujących do podanych kryteriów
Rozkład punktacji
Procent ludzi z każdym wynikiem
Percentyl według liczby udzielonych odpowiedzi
Twoja historia wyników
Nie rozwiązałeś tego quizu